Fuori menù /

Gorde:
Xehetasun bibliografikoak
Egile nagusia: Javierre, Juanjo (Konpositorea)
Beste egile batzuk: Velilla, Nacho G. (Zuzendaria), Olivas, David S. (Eszenan ipintzen duena), Capel, Oriol (Eszenan ipintzen duena), Vicuña, Benjamin (Aktorea), Tejero, Fernando (Aktorea), Sánchez, Antonio (Eszenan ipintzen duena), Duenas, Lola (Aktorea), Omedes, David, Cámara, Javier (Aktorea)
Formatua: Diapositiba
Hizkuntza:italiera
gaztelania
Argitaratua: Campi Bisenzio : Cecchi Gori home video, [2009!
Etiketak: Etiketa erantsi
Etiketarik gabe, Izan zaitez lehena erregistro honi etiketa jartzen!

MARC

LEADER 00000ngm a22000007i 4500
001 IT\ICCU\LO1\1262792
003 ItRI
005 20260124182816.0
008 090915s2009 it |||||||||||||||k|||||c
024 3 1 |a 8033433411183 
028 4 2 |a PSV5391 
040 |b ita 
041 7 |a ita  |a spa  |2 ISO-639-2 
082 |a 791.43  |9 CINEMA  |2 19 
130 0 |a Fuera de carta <film ; 2008>  |3 IT\ICCU\LO1\1262793 
245 0 0 |a Fuori menù /  |c un film di Nacho G. Velilla ; sceneggiatura Nacho G. Velilla, David S. Olivas, Oriol Capel, Antonio Sánchez ; fotografia David Omedes ; musiche Juanjo Javierre. 
246 1 3 |a Fuori menù <risorsa elettronica>  |9 IT\ICCU\UBO\3800027 
260 |a Campi Bisenzio :  |b Cecchi Gori home video,  |c [2009! 
300 |a 1 DVD video (104 min.) ;  |c in contenitore, 19 cm 
500 |a Caratteristiche tecniche: regione 2; formato video 2.35:1 anamorfico; Dolby digital 5.1; color 
500 |a Tit. del contenitore 
500 |a Produzione cinematografica Spagna 2008 
500 |a Interpreti: Javier Càmara, Benjamin Vicuña, Lola Dueñas, Fernando Tejero 
500 |a Lingue: italiano, spagnolo; sottotitoli: italiano per non udenti 
500 |a Contenuti speciali: making of, Trailer, Note biografiche del regista e di Javier Camara, menu interattivi e animati, accesso diretto a 20 scene. 
700 1 |a Velilla, Nacho G.  |0 IT\ICCU\LO1V\360603  |4 drt 
700 1 |a Olivas, David S.  |0 IT\ICCU\LO1V\360604  |4 sce 
700 1 |a Capel, Oriol  |0 IT\ICCU\LO1V\360605  |4 sce 
700 1 |a Javierre, Juanjo  |0 IT\ICCU\LO1V\360606  |4 cmp 
700 1 |a Vicuña, Benjamin  |0 IT\ICCU\LO1V\360607  |4 act 
700 1 |a Tejero, Fernando  |0 IT\ICCU\LO1V\360608  |4 act 
700 1 |a Sánchez, Antonio  |0 IT\ICCU\LO1V\360609  |4 sce 
700 1 |a Duenas, Lola  |0 IT\ICCU\RAVV\419294  |4 act 
700 1 |a Omedes, David  |0 IT\ICCU\RAVV\467741 
700 1 |a Cámara, Javier  |0 IT\ICCU\UBOV\715812  |4 act 
942 |2 ddc  |c VM  |n 0 
952 |0 0  |1 0  |4 0  |6 VO_1805_000000000000000  |7 0  |9 26668  |a BO  |b BO  |d 2026-01-24  |i 13866  |l 0  |o VO 1805  |p BO13866  |r 2026-01-24 18:28:17  |w 2026-01-24  |x [Sebina 5] [1 dvd]  |y VM  |z 1 dvd 
952 |0 0  |1 0  |4 0  |6 VO_2094_000000000000000  |7 0  |9 26669  |a BO  |b BO  |d 2026-01-24  |i 17004  |l 0  |o VO 2094  |p BO17004  |r 2026-01-24 18:28:17  |w 2026-01-24  |x [Sebina 5] [1 dvd]  |y VM  |z 1 dvd (2. copia) 
999 |c 22556  |d 22556